Business Lease: statutory compensation (Record no. 65997)

MARC details
000 -LEADER
fixed length control field 01292cam a2200217 4500
001 - CONTROL NUMBER
control field WB3705-28
008 - FIXED-LENGTH DATA ELEMENTS--GENERAL INFORMATION
fixed length control field 000000n2001 000 0 eng u
035 ## - SYSTEM CONTROL NUMBER
System control number (Sirsi) u110731
245 ## - TITLE STATEMENT
Title Business Lease: statutory compensation
260 ## - PUBLICATION, DISTRIBUTION, ETC.
Date of publication, distribution, etc. 2001
490 ## - SERIES STATEMENT
Series statement Estates Gazette Case Summaries
Volume/sequential designation [2001] EGCS 6 (27/01/01) (1)
520 ## - SUMMARY, ETC.
Summary, etc. "London Baggage Co v Railtrack plc (No 2)" ChD 19 December 2000. In October 1994 A signed a tenancy agreement which excluded statutory compensation from landlord (B) where the period of business occupation was less than five years. In February 1998 B served a notice stating that the unit was required for redevelopment. The protected tenancy terminated on 29 September 1998, but A remained in occupation as a tenant at will, and finally quit the premises in May 2000. A claimed compensation on the grounds that the relevant period was five years and seven months, when it had physically quit the premises. The judge ruled for B.
590 ## - LOCAL NOTE (RLIN)
Local note WB
650 ## - SUBJECT ADDED ENTRY--TOPICAL TERM
Topical term or geographic name entry element LANDLORD AND TENANT ACT 1954 S37
650 ## - SUBJECT ADDED ENTRY--TOPICAL TERM
Topical term or geographic name entry element STATUTORY COMPENSATION
650 ## - SUBJECT ADDED ENTRY--TOPICAL TERM
Topical term or geographic name entry element BUSINESS LEASES
650 ## - SUBJECT ADDED ENTRY--TOPICAL TERM
Topical term or geographic name entry element TERMINATION
650 ## - SUBJECT ADDED ENTRY--TOPICAL TERM
Topical term or geographic name entry element LONDON BAGGAGE CO (CHARING CROSS) LTD V RAILTRACK PLC (NO 2)
690 ## - LOCAL SUBJECT ADDED ENTRY--TOPICAL TERM (OCLC, RLIN)
Topical term or geographic name as entry element LANDLORD AND TENANT-BUSINESS TENANCIES-CASE LAW
942 ## - ADDED ENTRY ELEMENTS (KOHA)
Suppress in OPAC 0
Holdings
Withdrawn status Lost status Source of classification or shelving scheme Damaged status Not for loan Home library Current library Shelving location Date acquired Total Checkouts Full call number Barcode Date last seen Copy number Price effective from Koha item type
    Dewey Decimal Classification     London London News article 01/02/2001   WB3705-28 110731-1001 06/08/2019 1 06/08/2019 Law report